000 02987nam0a2200493 4500
001 RU\NLR\BIBL_A\011537536
005 20250630155357.0
020 _aRU
_b9503
_9Сводный каталог листовок первых лет Советской власти (25 октября (7 ноября) 1917 - 1925) Т.4 (Ч.2). Листовки советских, партийных, профсоюзных, комсомольских и других организаций губерний РСФСР
035 _a(NLR Aleph) 011537536
090 _a12178187
_c12178187
100 _a20171123d1923 |||y0rusy50 ca
101 0 _arus
102 _aRU
105 _ay z 000zy
135 _acrcn 024anaba
200 1 _aТов. крестьянин! "Ты считаешься владельцем обширнейших в мире плодородных земель ..."
_e[листовка]
205 _a3-е изд.
210 _aПенза
_cтип. Губсовнархоза N° 2
_d[1923]
215 _a1 с.
_d42х32
300 _aВ надзаг.: Губбюро агропропаганды Пензен. губземупр.
300 _aПодпись: В.Ф. Невзоров
300 _aПеред загл.: Вспомни засуху - подумай о парах! Чем раньше вспахан пар - тем выше урожай!
300 _aГод изд. установлен по дате поступления обяз. экз.
325 _aКопия доступна в Электрон. б-ке РНБ
517 1 _aТы считаешься владельцем обширнейших в мире плодородных земель ...
540 1 _aВспомни засуху - подумай о парах! Чем раньше вспахан пар - тем выше урожай!
540 1 _aЧем раньше вспахан пар - тем выше урожай!
607 _aРСФСР
_jЛистовки
_xПолитика и управление
_y1917 - 1925
_92312782
_3RU\NLR\auth\6601609564
686 0 _aТ3(2)71-313,011
686 0 _aТ3(2Р-7П)713-31,011
702 1 _4720
_7ca
_8rus
_aНевзоров
_bВ. Ф.
_cстатистик, метеоролог
_f1878-1928
_gВасилий Федорович
_9194034
_3RU\NLR\AUTH\770194085
712 0 2 _4570
_aПензенское губернское бюро агрономической пропаганды
_9598720
_3RU\NLR\AUTH\880468376
852 0 0 _aNLR
_bФЛ
_j44/55
856 0 _uhttps://vivaldi.nlr.ru/ll700000848/view
856 1 _uhttps://vivaldi.nlr.ru/ll700000848/cover
856 2 _uhttps://vivaldi.nlr.ru/ll700000848/text
942 _cBOOK
980 _aNB
981 2 1 _a(21) Листовки
_b(21) Листовки 1923 года